| Tag |
First Indicator |
Second Indicator |
Subfields |
| LEADER |
00000nam a2200000 4500 |
| 001 |
in00004278821 |
| 005 |
20200813075924.0 |
| 006 |
m g d |
| 007 |
cr bn |||a|bb| |
| 008 |
931015s1648 enk o 00| | eng d |
| 035 |
|
|
|a (UnM)99864214
|
| 037 |
|
|
|a CL0051000002
|b ProQuest Information and Learning. 300 N. Zeeb Rd., Ann Arbor, MI 48106
|
| 040 |
|
|
|a Cu-RivES
|c Cu-RivES
|d CStRLIN
|e dcrb
|d WaOLN
|
| 100 |
0 |
|
|a R. L.
|
| 245 |
1 |
2 |
|a A confutation of the Solemn League and Covenant, :
|b against the persecuting dividing sense put upon it by such who seeke more themselves and their ends, then the glory of God, or the peace of the kingdomes. /
|c By R.L. A true friend to all reall covenanters.
|
| 260 |
|
|
|a London :
|b [publisher not identified],
|c Printed anno Domini 1648.
|
| 300 |
|
|
|a 1 online resource ([2], 13, [1] pages)
|
| 336 |
|
|
|a text
|b txt
|2 rdacontent
|
| 337 |
|
|
|a computer
|b c
|2 rdamedia
|
| 338 |
|
|
|a online resource
|b cr
|2 rdacarrier
|
| 500 |
|
|
|a Annotation on Thomason copy: "May. 23."
|
| 500 |
|
|
|a Reproduction of the original in the British Library.
|
| 510 |
4 |
|
|a Wing (2nd edition)
|c L53.
|
| 510 |
4 |
|
|a Thomason
|c E.443[38].
|
| 533 |
|
|
|a Electronic reproduction.
|b Ann Arbor, Mich. :
|c UMI,
|d 1999-
|f (Early English books online)
|n Digital version of: (Thomason Tracts ; 70:E443[38])
|7 s1999 miun s
|
| 630 |
0 |
0 |
|a Solemn League and Covenant
|d (1643)
|v Early works to 1800.
|
| 830 |
|
0 |
|a Early English books online.
|
| 856 |
4 |
0 |
|u http://proxy.library.tamu.edu/login?url=https://search.proquest.com/docview/2240909319
|z Connect to the full text of this electronic book
|t 0
|
| 999 |
f |
f |
|s 7c7f4be5-605b-3c09-8f43-877e9a102706
|i f9828324-5d4d-3ca1-b72c-5bd5f6785ca3
|t 0
|
| 952 |
f |
f |
|a Texas A&M University
|b College Station
|c Electronic Resources
|d Available Online
|t 0
|h No information provided
|
| 998 |
f |
f |
|t 0
|l Available Online
|